Kraje Azji z najmniejszą liczbą ludności - Statystyki

Ogólne statystyki
  • Ten quiz został rozwiązany 152 razy
  • Średni wynik to 7 z 10
Statystyki odpowiedzi
Ludność Kraj % Poprawnych
754 394 osób Bhutan
77%
2 782 000 osób Katar
76%
3 170 000 osób Mongolia
71%
428 962 osób Brunei
70%
515 696 osób Malediwy
70%
1 569 000 osób Bahrajn
68%
1 268 000 osób Timor Wschodni
67%
2 965 000 osób Armenia
66%
3 731 000 osób Gruzja
66%
1 170 000 osób Cypr
55%
Nie znaleziono quizów pasujących do podanych kryteriów
Rozkład punktacji
Procent ludzi z każdym wynikiem
Percentyl według liczby udzielonych odpowiedzi
Twoja historia wyników
Nie rozwiązałeś tego quizu